000 00271nam a2200121 a 4500
008 100910s1975|||| d
245 1 0 _aA tí ostatní
260 _aBratislava
_bTatran
_c1975
100 1 _aDobozy, Imre
020 _c15
044 _axo
_cSK
041 _aslo
999 _c10264
_d10264